Spell the Marvel Character #295 - Statistics

General Stats
  • This quiz has been taken 12 times
  • The average score is 5 of 7
Answer Stats
Picture Answer % Correct
Ms. Marvel
100%
Ironheart
83%
Nocturne
67%
Thunderbird
67%
Wolfsbane
67%
Songbird
58%
M-Twins
50%
No matching quizzes found
Score Distribution
Percent of People with Each Score
Percentile by Number Answered
Your Score History
You have not taken this quiz